| 000 | 00582pam a2200229 a 4500 | ||
|---|---|---|---|
| 001 | 4298771 | ||
| 005 | 20180823080434.0 | ||
| 008 | 860904s1986 mau b 001 0 eng | ||
| 010 | _a 86047553 | ||
| 020 | _a0807029106 | ||
| 020 | _a0807029092 (pbk.) | ||
| 040 |
_aDLC _cDLC _dDLC |
||
| 041 | _aeng | ||
| 080 | _a155.633 | ||
| 082 | 0 | 0 |
_a155.633 _219 |
| 100 | 1 | _a48 | |
| 101 | _apsi | ||
| 245 | 1 | 0 |
_aToward a new psychology of women / _cJean Baker Miller. |
| 504 | _aBibliography: p. 143-150. | ||
| 906 |
_a7 _bcbc _corignew _d1 _eocip _f19 _gy-gencatlg |
||
| 942 |
_2ddc _cBK |
||
| 999 |
_c47274 _d47274 |
||